000 00290nam a22001337a 4500
008 170419b xxu||||| |||| 00| 0 eng d
020 _a0070492409
041 _aeng
080 _a579
100 _a11
101 _aSHM
245 _aELEMENTS MICROBIOLOGY
_cPELCZAR.M.J
942 _2udc
_cBK
999 _c11091
_d11091